[Event "EU-Cup 39th"]
[Site "Vrnjacka Banja"]
[Date "2024.10.23"]
[Round "4.6"]
[White "Stanic, Zoran"]
[Black "Turunen, Tiina"]
[Result "1-0"]
[WhiteElo "2066"]
[BlackElo "1739"]
[PlyCount "65"]
[EventDate "2024.10.20"]
[EventType "team-swiss"]
[EventRounds "7"]
[EventCountry "SRB"]
[SourceTitle "CB44_2024"]
[Source "Chessbase"]
[SourceDate "2024.10.30"]
[SourceVersion "1"]
[SourceVersionDate "2024.10.30"]
[SourceQuality "1"]
[WhiteTeam "Bonnevoie Gambit"]
[BlackTeam "EtVaS"]
[WhiteTeamCountry "LUX"]
[BlackTeamCountry "FIN"]

1. d4 d5 2. Nc3 c6 3. Bf4 Bf5 4. e3 e6 5. f3 Nf6 6. g4 Bg6 7. h4 h6 8. Bd3 Bxd3 9. Qxd3 Bd6 10. Nge2 Na6 11. 0-0-0 Qc7 12. g5 Nh5 13. Bxd6 Qxd6 14. g6 f5 15. e4 Nf4 16. Nxf4 Qxf4+ 17. Kb1 fxe4 18. fxe4 Qd6 19. e5 Qe7 20. Rdf1 Rf8 21. Rxf8+ Qxf8 22. Rf1 Qg8 23. Rf7 0-0-0 24. Qf3 Nc7 25. Ne2 b5 26. Qa3 Kb7 27. Qe7 Rc8 28. Nf4 Qe8 29. Nxe6 Qxe7 30. Rxe7 Kb6 31. Nxg7 c5 32. dxc5+ Kxc5 33. Rxc7+ 1-0

[Event "EU-Cup 39th"]
[Site "Vrnjacka Banja"]
[Date "2024.10.22"]
[Round "3.6"]
[White "Uritsky, Yonathan"]
[Black "Stanic, Zoran"]
[Result "1-0"]
[WhiteElo "2307"]
[BlackElo "2066"]
[PlyCount "59"]
[EventDate "2024.10.20"]
[EventType "team-swiss"]
[EventRounds "7"]
[EventCountry "SRB"]
[SourceTitle "CB44_2024"]
[Source "Chessbase"]
[SourceDate "2024.10.30"]
[SourceVersion "1"]
[SourceVersionDate "2024.10.30"]
[SourceQuality "1"]
[WhiteTeam "Ramat Gan Porat Memorial"]
[BlackTeam "Bonnevoie Gambit"]
[WhiteTeamCountry "ISR"]
[BlackTeamCountry "LUX"]

1. e4 c5 2. Nf3 Nc6 3. Bb5 g6 4. 0-0 Bg7 5. c3 a6 6. Ba4 b5 7. Bc2 d6 8. a4 b4 9. h3 Nf6 10. d4 0-0 11. d5 Ne5 12. Nxe5 dxe5 13. Be3 Qc7 14. Nd2 a5 15. Bd3 Nd7 16. Rc1 Ba6 17. Bxa6 Rxa6 18. Qe2 Rb6 19. Nb3 bxc3 20. Rxc3 Rfb8 21. Nxc5 Rxb2 22. Qa6 Rb1 23. Rxb1 Rxb1+ 24. Kh2 h5 25. Qc6 Qxc6 26. dxc6 Nb6 27. c7 Rd1 28. Nd7 Nc8 29. Nb6 Nd6 30. Bc5 1-0

[Event "EU-Cup 39th"]
[Site "Vrnjacka Banja"]
[Date "2024.10.21"]
[Round "2.6"]
[White "Skytte, Robert"]
[Black "Stanic, Zoran"]
[Result "1/2-1/2"]
[WhiteElo "1747"]
[BlackElo "2066"]
[PlyCount "65"]
[EventDate "2024.10.20"]
[EventType "team-swiss"]
[EventRounds "7"]
[EventCountry "SRB"]
[SourceTitle "CB44_2024"]
[Source "Chessbase"]
[SourceDate "2024.10.30"]
[SourceVersion "1"]
[SourceVersionDate "2024.10.30"]
[SourceQuality "1"]
[WhiteTeam "Aarhus Skolerne"]
[BlackTeam "Bonnevoie Gambit"]
[WhiteTeamCountry "DEN"]
[BlackTeamCountry "LUX"]

1. e4 c5 2. c3 g6 3. d4 cxd4 4. cxd4 Bg7 5. Nc3 d6 6. Bc4 Nf6 7. h3 Nc6 8. Nf3 Qa5 9. 0-0 0-0 10. Re1 e5 11. d5 Ne7 12. Be3 Bd7 13. a3 b5 14. Bf1 a6 15. b4 Qc7 16. Rc1 Qb7 17. Qd3 Rad8 18. Nd2 Nh5 19. Nb3 f5 20. f3 fxe4 21. fxe4 Nf4 22. Qd2 g5 23. Nc5 Qc8 24. Be2 Neg6 25. Kh2 Nh4 26. Rg1 Rf6 27. Bg4 Bxg4 28. hxg4 Nf3+ 29. gxf3 Rh6+ 30. Kg3 Rh3+ 31. Kf2 Rh2+ 32. Ke1 Rxd2 33. Kxd2 1/2-1/2

[Event "World Corporate East A"]
[Site "Chess.com INT"]
[Date "2021.02.19"]
[Round "3.6"]
[White "Tang, Michael"]
[Black "Stanic, Zoran"]
[Result "1-0"]
[WhiteElo "1719"]
[BlackElo "2131"]
[PlyCount "107"]
[EventDate "2021.02.19"]
[EventType "team (rapid)"]
[EventRounds "7"]
[EventCountry "USA"]
[SourceTitle "EXT 2022"]
[Source "ChessBase"]
[SourceDate "2021.10.06"]
[SourceVersion "1"]
[SourceVersionDate "2021.10.06"]
[SourceQuality "1"]
[WhiteTeam "Microsoft"]
[BlackTeam "European Investment Bank"]
[WhiteTeamCountry "BEL"]
[BlackTeamCountry "GER"]

1. d4 Nf6 2. c4 e5 3. dxe5 Ng4 4. Nf3 Bc5 5. e3 Nc6 6. Nc3 0-0 7. Be2 Re8 8. 0-0 Ngxe5 9. b3 a5 10. Bb2 Ra6 11. Na4 Bf8 12. c5 Nxf3+ 13. Bxf3 d6 14. Be2 Ra8 15. Rc1 d5 16. Bf3 Be6 17. Nc3 Ne7 18. Qd4 Nf5 19. Qd2 c6 20. Ne2 Qg5 21. Ng3 Nh4 22. Be2 a4 23. b4 a3 24. Ba1 Be7 25. f4 Qh6 26. Bd4 Nf5 27. Nxf5 Bxf5 28. h3 Bf6 29. Rc3 Ra4 30. Rb3 Raa8 31. Kh2 Re7 32. g4 Bxd4 33. Qxd4 Be4 34. Kg3 Bc2 35. Rc3 Re4 36. Qd2 Ba4 37. Rxa3 Rae8 38. Rf3 Bb5 39. Bxb5 cxb5 40. Qxd5 Qc6 41. Qd2 h6 42. Rd3 Kh7 43. Rd6 Qc7 44. Qd3 R8e7 45. a3 g6 46. Rd4 Rxd4 47. Qxd4 Rd7 48. Qc3 Rd1 49. Rf2 Qc6 50. Rg2 Qe6 51. f5 gxf5 52. gxf5 Qxf5 53. Kh2 Rd3 54. Qg7# 1-0

[Event "EU-Cup 35th"]
[Site "Ulcinj"]
[Date "2019.11.16"]
[Round "7.26"]
[White "Federic, Jozef"]
[Black "Stanic, Zoran"]
[Result "1/2-1/2"]
[WhiteElo "2209"]
[BlackElo "2121"]
[PlyCount "111"]
[EventDate "2019.11.10"]
[EventType "team-swiss"]
[EventRounds "7"]
[EventCountry "MNE"]
[SourceTitle "EXT 2021"]
[Source "ChessBase"]
[SourceDate "2020.10.23"]
[SourceVersion "1"]
[SourceVersionDate "2020.10.23"]
[SourceQuality "1"]
[WhiteTeam "Modra"]
[BlackTeam "Bonnevoie Gambit"]
[WhiteTeamCountry "SVK"]
[BlackTeamCountry "LUX"]

1. e4 d6 2. d4 Nf6 3. Nc3 g6 4. Nf3 Bg7 5. Be2 0-0 6. 0-0 Bg4 7. Be3 Nc6 8. Qd2 e5 9. dxe5 dxe5 10. Rad1 Qxd2 11. Rxd2 h6 12. Rfd1 a6 13. a4 Rfe8 14. h3 Bxf3 15. Bxf3 Rad8 16. Be2 Rxd2 17. Rxd2 Rd8 18. Rxd8+ Nxd8 19. Bc4 Nc6 20. Bd5 Nd8 21. Kf1 Nxd5 22. Nxd5 Ne6 23. Nb4 c6 24. Nd3 f6 25. Ke2 Kf7 26. Kd2 Bf8 27. f3 h5 28. Kc3 Ke8 29. Bb6 Kd7 30. Kc4 Be7 31. b4 Bf8 32. b5 axb5+ 33. axb5 Be7 34. c3 Bf8 35. Bc5 Bh6 36. bxc6+ bxc6 37. Kb3 Nf4 38. Nxf4 Bxf4 39. g4 h4 40. Kc4 Bd2 41. Bf2 g5 42. Kd3 Bc1 43. Bc5 Ke6 44. Kc2 Bf4 45. Kb3 Bc1 46. Bb6 Kd7 47. Ka4 Bd2 48. c4 Be1 49. Ba5 Bf2 50. Bb4 Bb6 51. c5 Bd8 52. Ba5 Be7 53. Bb6 Kc8 54. Kb4 Kb8 55. Ka4 Kc8 56. Kb4 1/2-1/2

[Event "EU-Cup 34th"]
[Site "Porto Carras"]
[Date "2018.10.16"]
[Round "5.4"]
[White "Linnanen, Lassi"]
[Black "Stanic, Zoran"]
[Result "1-0"]
[WhiteElo "2153"]
[BlackElo "2143"]
[PlyCount "73"]
[EventDate "2018.10.12"]
[EventType "team-swiss"]
[EventRounds "7"]
[EventCountry "GRE"]
[SourceTitle "CBM 187"]
[Source "ChessBase"]
[SourceDate "2018.12.11"]
[SourceVersion "1"]
[SourceVersionDate "2018.12.11"]
[SourceQuality "1"]
[WhiteTeam "Aatos"]
[BlackTeam "Bonnevoie Gambit"]
[WhiteTeamCountry "FIN"]
[BlackTeamCountry "BEL"]

1. e4 d6 2. d4 Nf6 3. Nc3 g6 4. Nf3 Bg7 5. Be2 0-0 6. 0-0 Bg4 7. h3 Bxf3 8. Bxf3 Nc6 9. Ne2 e5 10. c3 Rb8 11. Be3 a5 12. d5 Ne7 13. c4 Nd7 14. a3 f5 15. b4 f4 16. Bd2 axb4 17. axb4 b6 18. Nc3 Nf6 19. Nb5 Rf7 20. Qe2 h5 21. Rfc1 Nc8 22. Rc2 Bf8 23. Bc3 Rh7 24. c5 bxc5 25. bxc5 Qe8 26. Rb2 Qd7 27. c6 Qd8 28. Ba5 Nb6 29. Nxc7 Qxc7 30. Rab1 g5 31. Rxb6 Rxb6 32. Rxb6 Qc8 33. Qa6 Qe8 34. Rb7 g4 35. Rxh7 Kxh7 36. c7 gxf3 37. c8Q 1-0

[Event "EU-Cup 34th"]
[Site "Porto Carras"]
[Date "2018.10.14"]
[Round "3.6"]
[White "Stanic, Zoran"]
[Black "Nelson, Jonathan"]
[Result "1/2-1/2"]
[WhiteElo "2143"]
[BlackElo "2181"]
[PlyCount "63"]
[EventDate "2018.10.12"]
[EventType "team-swiss"]
[EventRounds "7"]
[EventCountry "GRE"]
[SourceTitle "CBM 187"]
[Source "ChessBase"]
[SourceDate "2018.12.11"]
[SourceVersion "1"]
[SourceVersionDate "2018.12.11"]
[SourceQuality "1"]
[WhiteTeam "Bonnevoie Gambit"]
[BlackTeam "Blackthorne Russia"]
[WhiteTeamCountry "BEL"]
[BlackTeamCountry "ENG"]

1. e4 d6 2. d4 Nf6 3. Nc3 e5 4. Nf3 exd4 5. Nxd4 Be7 6. Bc4 0-0 7. Qf3 Nbd7 8. Bb3 c5 9. Nf5 Ne5 10. Nxe7+ Qxe7 11. Qe2 Be6 12. Bxe6 fxe6 13. Bg5 Nc6 14. 0-0 h6 15. Bh4 g5 16. Bg3 e5 17. Rfe1 Qf7 18. Rad1 Nd4 19. Qd2 b5 20. a3 Rac8 21. Nb1 Rc6 22. c3 Ne6 23. Qe2 c4 24. a4 bxa4 25. Na3 Nh5 26. Qc2 Nc5 27. Re2 Qe6 28. Rd5 Nf6 29. Rd1 Nh5 30. Rd5 Nf6 31. Rd1 Nh5 32. Rd5 1/2-1/2

[Event "EU-Cup 33rd"]
[Site "Antalya"]
[Date "2017.10.08"]
[Round "1.4"]
[White "Vajda, Levente"]
[Black "Stanic, Zoran"]
[Result "1-0"]
[WhiteElo "2588"]
[BlackElo "2169"]
[PlyCount "57"]
[EventDate "2017.10.08"]
[EventType "team-swiss"]
[EventRounds "7"]
[EventCountry "TUR"]
[SourceTitle "CBM 181"]
[Source "ChessBase"]
[SourceDate "2017.11.10"]
[SourceVersion "1"]
[SourceVersionDate "2017.11.10"]
[SourceQuality "1"]
[WhiteTeam "Baia Mare"]
[BlackTeam "Bonnevoie Gambit"]
[WhiteTeamCountry "ROU"]
[BlackTeamCountry "LUX"]

1. Nf3 Nf6 2. g3 d5 3. Bg2 c6 4. 0-0 Bf5 5. d3 Nbd7 6. Nbd2 e5 7. c4 Be7 8. b3 0-0 9. Bb2 Bd6 10. cxd5 cxd5 11. e4 Be6 12. exd5 Bxd5 13. Ne4 Bxe4 14. dxe4 Qe7 15. Qe2 Bc5 16. Bh3 Rfd8 17. Rac1 a5 18. a4 Ra6 19. Rc4 Rb6 20. Qc2 Rb4 21. Rd1 Bb6 22. Bxd7 Nxd7 23. Rc8 Rxc8 24. Qxc8+ Nf8 25. Ba3 Qf6 26. Bxb4 axb4 27. Kg2 h6 28. Rd5 g6 29. a5 1-0

[Event "LUX-chT 2016/17"]
[Site "Luxembourg"]
[Date "2017.04.02"]
[Round "10"]
[White "Stanic, Zoran"]
[Black "Adam, Ken"]
[Result "1-0"]
[WhiteElo "2160"]
[BlackElo "1964"]
[PlyCount "57"]
[EventDate "2016.09.25"]
[EventType "team-tourn"]
[EventRounds "10"]
[EventCountry "LUX"]
[SourceTitle "EXT 2018"]
[Source "ChessBase"]
[SourceDate "2017.10.13"]
[SourceVersion "1"]
[SourceVersionDate "2017.10.13"]
[SourceQuality "1"]

1. e4 e6 2. d4 d5 3. Nc3 Nf6 4. e5 Nfd7 5. f4 c5 6. Nf3 Nc6 7. Be3 Be7 8. Qd2 0-0 9. 0-0-0 c4 10. f5 b5 11. f6 gxf6 12. Nxb5 Rb8 13. Nd6 fxe5 14. dxe5 Ndxe5 15. Nxe5 Nxe5 16. Nxc8 Rxc8 17. Qc3 Nc6 18. Qe1 c3 19. Kb1 Bf6 20. b3 Qa5 21. Bc1 Nb4 22. a3 Nc6 23. h4 Nd4 24. Bd3 Bg7 25. Rh3 Nb5 26. a4 Nd6 27. Rg3 Kh8 28. Rxg7 Kxg7 29. Qg3+ 1-0

[Event "LUX-chT 2016/17"]
[Site "Luxembourg"]
[Date "2017.03.05"]
[Round "8"]
[White "Stanic, Zoran"]
[Black "Ackermann, Robert"]
[Result "1/2-1/2"]
[WhiteElo "2160"]
[BlackElo "2041"]
[PlyCount "53"]
[EventDate "2016.09.25"]
[EventType "team-tourn"]
[EventRounds "10"]
[EventCountry "LUX"]
[SourceTitle "EXT 2018"]
[Source "ChessBase"]
[SourceDate "2017.10.13"]
[SourceVersion "1"]
[SourceVersionDate "2017.10.13"]
[SourceQuality "1"]

1. e4 e5 2. Nf3 Nc6 3. Bc4 Nf6 4. d3 Be7 5. 0-0 0-0 6. Re1 d6 7. h3 Na5 8. Nbd2 Nxc4 9. Nxc4 Be6 10. Ne3 Qd7 11. g4 g6 12. d4 exd4 13. Qxd4 Ne8 14. Nd5 Bxd5 15. Qxd5 c6 16. Qd3 Bf6 17. Bh6 Bxb2 18. Rad1 Bg7 19. Bxg7 Nxg7 20. Qxd6 Qxd6 21. Rxd6 Rfd8 22. Red1 Ne6 23. Rd7 Rxd7 24. Rxd7 Nc5 25. Rc7 Rd8 26. Ne5 f6 27. Nf7 1/2-1/2

[Event "Luxembourg-chT 1213"]
[Site "Luxembourg"]
[Date "2012.11.10"]
[Round "2"]
[White "Baskewitsch, Pierre"]
[Black "Stanic, Zoran"]
[Result "0-1"]
[WhiteElo "1939"]
[BlackElo "2202"]
[PlyCount "40"]
[EventDate "2012.10.??"]
[EventType "team-tourn"]
[EventRounds "10"]
[EventCountry "LUX"]
[SourceTitle "EXT 2017"]
[Source "ChessBase"]
[SourceDate "2016.10.25"]
[SourceVersion "1"]
[SourceVersionDate "2016.10.25"]
[SourceQuality "1"]

1. d4 Nf6 2. Bf4 c5 3. e3 g6 4. c3 Bg7 5. Bxb8 Rxb8 6. Qa4 Qb6 7. Nd2 a6 8. Nc4 Qc7 9. Ne5 0-0 10. Ngf3 b5 11. Qa3 d6 12. Nd3 c4 13. Nf4 e5 14. dxe5 dxe5 15. Ne2 Rd8 16. b3 b4 17. Qb2 Ne4 18. Rc1 Bf8 19. Qc2 Bf5 20. g4 Ng5 0-1

[Event "Luxembourg-chT 1112"]
[Site "Luxembourg"]
[Date "2012.04.10"]
[Round "7"]
[White "Berend, Fred"]
[Black "Stanic, Zoran"]
[Result "1-0"]
[WhiteElo "2373"]
[BlackElo "2202"]
[PlyCount "95"]
[EventDate "2011.10.??"]
[EventType "team-tourn"]
[EventRounds "10"]
[EventCountry "LUX"]
[SourceTitle "EXT 2017"]
[Source "ChessBase"]
[SourceDate "2016.10.25"]
[SourceVersion "1"]
[SourceVersionDate "2016.10.25"]
[SourceQuality "1"]

1. d4 Nf6 2. Nf3 g6 3. Bg5 Bg7 4. Nbd2 d5 5. c3 0-0 6. e3 Nbd7 7. h3 c5 8. Be2 Qb6 9. Qb3 c4 10. Qc2 Re8 11. Bf4 Qc6 12. a4 b5 13. axb5 Qxb5 14. 0-0 Nb6 15. b3 Bf5 16. Qa2 Rec8 17. bxc4 dxc4 18. Rfc1 a5 19. g4 Be6 20. e4 a4 21. Be3 Qa6 22. Rcb1 Rab8 23. Ng5 Bd7 24. Nxc4 Nxc4 25. Rxb8 Rxb8 26. Bxc4 Qa5 27. Bxf7+ Kh8 28. e5 Ne8 29. Bg8 e6 30. Bxe6 Bxe6 31. Qxe6 h6 32. Nf3 Kh7 33. Kg2 a3 34. Ra2 Rb2 35. Rxb2 axb2 36. Nd2 Nc7 37. Qb3 Qb5 38. Qxb5 Nxb5 39. c4 Na3 40. c5 Bf8 41. Kf3 Kg7 42. Ke4 Kf7 43. Kd3 b1Q+ 44. Nxb1 Nxb1 45. Bc1 Ke6 46. Kc2 Kd5 47. Kxb1 Kxd4 48. c6 1-0

[Event "Luxembourg-chT 1112"]
[Site "Luxembourg"]
[Date "2011.10.??"]
[Round "1"]
[White "Stanic, Zoran"]
[Black "Stern, Geoffrey"]
[Result "1-0"]
[WhiteElo "2202"]
[BlackElo "1966"]
[PlyCount "63"]
[EventDate "2011.10.??"]
[EventType "team-tourn"]
[EventRounds "10"]
[EventCountry "LUX"]
[SourceTitle "EXT 2017"]
[Source "ChessBase"]
[SourceDate "2016.10.25"]
[SourceVersion "1"]
[SourceVersionDate "2016.10.25"]
[SourceQuality "1"]

1. e4 e6 2. d4 d5 3. Nc3 Bb4 4. Nge2 Nc6 5. e5 b6 6. a3 Bf8 7. Ng3 Bb7 8. b4 Qd7 9. Be3 f6 10. f4 0-0-0 11. Bd3 Nh6 12. 0-0 f5 13. h3 Nf7 14. Nce2 h6 15. c3 Be7 16. a4 g5 17. fxg5 Nxg5 18. Nxf5 Rdg8 19. Nxe7+ Qxe7 20. Nf4 Qg7 21. Ra2 Nxe5 22. Nh5 Qe7 23. Bxg5 Qxg5 24. dxe5 d4 25. Nf4 dxc3 26. Qe2 Qh4 27. Ba6 Bxa6 28. Qxa6+ Kb8 29. a5 Rh7 30. Qc4 Rhg7 31. Qc6 Rxg2+ 32. Rxg2 1-0

[Event "CRO-Cup 19th"]
[Site "Sibenik"]
[Date "2010.05.23"]
[Round "6"]
[White "Stanic, Zoran"]
[Black "Zamostni, Jan"]
[Result "0-1"]
[WhiteElo "2240"]
[BlackElo "2255"]
[PlyCount "68"]
[EventDate "2010.05.19"]
[EventType "team-tourn"]
[EventRounds "6"]
[EventCountry "CRO"]
[SourceTitle "CBM 136 Extra"]
[Source "ChessBase"]
[SourceDate "2010.07.02"]
[SourceVersion "2"]
[SourceVersionDate "2010.07.15"]
[SourceQuality "1"]

1. d4 Nf6 2. Nc3 d5 3. Bg5 Bf5 4. e3 e6 5. Bd3 Bxd3 6. Qxd3 Be7 7. Nf3 Nbd7 8. 0-0-0 0-0 9. h4 c5 10. Bxf6 Nxf6 11. Ne5 c4 12. Qe2 Qa5 13. g4 Ba3 14. Nb1 Bd6 15. f3 Qxa2 16. h5 Rac8 17. g5 Bxe5 18. dxe5 Nd7 19. Qh2 Nc5 20. Qf4 Nd3+ 21. Rxd3 cxd3 22. c3 Rc4 23. e4 d4 24. Rh2 dxc3 25. bxc3 Qa5 26. h6 Rfc8 27. g6 Rxc3+ 28. Nxc3 Qa1+ 29. Kd2 Qxc3+ 30. Ke3 Qe1+ 31. Kxd3 Qc3+ 32. Ke2 Qb2+ 33. Kd1 Qb1+ 34. Ke2 Rc2+ 0-1

[Event "CRO-chT2 East"]
[Site "Osijek"]
[Date "2010.04.17"]
[Round "1.32"]
[White "Tarakcija, Hazim"]
[Black "Stanic, Zoran"]
[Result "1/2-1/2"]
[WhiteElo "2194"]
[BlackElo "2240"]
[PlyCount "29"]
[EventDate "2010.04.17"]
[EventType "team-tourn"]
[EventRounds "11"]
[EventCountry "CRO"]
[SourceTitle "EXT 2012"]
[Source "ChessBase"]
[SourceDate "2011.11.24"]
[SourceVersion "1"]
[SourceVersionDate "2011.11.24"]
[SourceQuality "1"]

1. d4 Nf6 2. c4 e5 3. dxe5 Ng4 4. Bf4 Nc6 5. Nf3 Bb4+ 6. Nbd2 Qe7 7. a3 Ngxe5 8. Nxe5 Nxe5 9. e3 Bxd2+ 10. Qxd2 d6 11. Qc3 0-0 12. c5 Bg4 13. h3 Bh5 14. Rc1 Ng6 15. Bg3 1/2-1/2

[Event "CRO-chT2c"]
[Site "Croatia"]
[Date "2009.10.17"]
[Round "8"]
[White "Savic, Miodrag R"]
[Black "Stanic, Zoran"]
[Result "1-0"]
[WhiteElo "2535"]
[BlackElo "2234"]
[PlyCount "53"]
[EventDate "2009.04.04"]
[EventType "team-tourn"]
[EventRounds "11"]
[EventCountry "CRO"]
[SourceTitle "EXT 2011"]
[Source "ChessBase"]
[SourceDate "2010.11.26"]
[SourceVersion "1"]
[SourceVersionDate "2010.11.26"]
[SourceQuality "1"]

1. e4 d6 2. d4 Nf6 3. Nc3 g6 4. Nf3 Bg7 5. h3 0-0 6. Be2 a6 7. 0-0 b5 8. e5 Nfd7 9. Bf4 Nc6 10. Qc1 Bb7 11. Rd1 Nb6 12. a3 Na5 13. Bh6 Qc8 14. Nh2 dxe5 15. Bxg7 Kxg7 16. dxe5 Nac4 17. Bg4 Qe8 18. Re1 c5 19. b3 Na5 20. Qe3 Qc6 21. Bf3 Qc7 22. Bxb7 Nxb7 23. Ng4 f5 24. exf6+ exf6 25. Qh6+ Kh8 26. Re6 Rae8 27. Nxf6 1-0

[Event "CRO-chT2"]
[Site "Pula"]
[Date "1998.??.??"]
[Round "6"]
[White "Stanic, Zoran"]
[Black "Hrvacic, Pavle"]
[Result "1/2-1/2"]
[WhiteElo "2245"]
[BlackElo "2185"]
[PlyCount "39"]
[EventDate "1998.??.??"]
[EventType "team-tourn"]
[EventRounds "9"]
[EventCountry "CRO"]
[SourceTitle "EXT 2000"]
[Source "ChessBase"]
[SourceDate "1999.11.16"]
[SourceVersion "1"]
[SourceVersionDate "1999.11.16"]
[SourceQuality "1"]

1. e4 e5 2. Bc4 Nf6 3. d4 Nxe4 4. dxe5 Qe7 5. Qe2 Nc5 6. Nc3 c6 7. Nf3 d5 8. Bg5 Qc7 9. Bb3 Bg4 10. 0-0-0 Ne6 11. Bh4 Nd7 12. Rhe1 h5 13. h3 Bxf3 14. Qxf3 Ndc5 15. Kb1 Nxb3 16. axb3 g5 17. Bg3 0-0-0 18. Qf5 Bb4 19. Re2 Bxc3 20. bxc3 1/2-1/2

[Event "CRO-chT2"]
[Site "Medulin"]
[Date "1997.??.??"]
[Round "?"]
[White "Viskic, Pavisa"]
[Black "Stanic, Zoran"]
[Result "1-0"]
[WhiteElo "2215"]
[BlackElo "2275"]
[PlyCount "42"]
[EventDate "1997.??.??"]
[EventType "team-tourn"]
[EventRounds "9"]
[EventCountry "CRO"]
[SourceTitle "EXT 1999"]
[Source "ChessBase"]
[SourceDate "1998.11.16"]
[SourceVersion "1"]
[SourceVersionDate "1998.11.16"]
[SourceQuality "1"]

1. e4 d6 2. d4 Nf6 3. Nc3 g6 4. g3 Bg7 5. Bg2 0-0 6. Nge2 c6 7. 0-0 Nbd7 8. h3 Qc7 9. Be3 e5 10. Qd2 Re8 11. d5 cxd5 12. exd5 a6 13. a4 b6 14. g4 Bb7 15. Ng3 Rec8 16. Rfd1 Qc4 17. g5 Ne8 18. Nge4 Nc5 19. Nxc5 bxc5 20. Ne4 Qb4 21. c3 Qc4 1-0

[Event "CRO-chT2"]
[Site "Opatija"]
[Date "1995.??.??"]
[Round "?"]
[White "Lazovic, Gordan"]
[Black "Stanic, Zoran"]
[Result "1/2-1/2"]
[WhiteElo "2335"]
[BlackElo "2275"]
[PlyCount "121"]
[EventDate "1995.??.??"]
[EventType "team-tourn"]
[EventRounds "9"]
[EventCountry "CRO"]
[SourceTitle "EXT 1998"]
[Source "ChessBase"]
[SourceDate "1997.11.17"]
[SourceVersion "1"]
[SourceVersionDate "1997.11.17"]
[SourceQuality "1"]

1. d4 Nf6 2. c4 e5 3. dxe5 Ng4 4. Bf4 Nc6 5. Nf3 Bb4+ 6. Nbd2 Qe7 7. e3 Ngxe5 8. Nxe5 Nxe5 9. Be2 Ng6 10. Bg3 Bd6 11. Bxd6 Qxd6 12. Qc2 Qe5 13. c5 0-0 14. Nf3 Qf6 15. 0-0 d6 16. cxd6 Qxd6 17. Rac1 c6 18. Rfd1 Qe7 19. Qc5 Qxc5 20. Rxc5 Be6 21. Nd4 Bd5 22. Bf3 Bxf3 23. Nxf3 Rfd8 24. Rdc1 Rd3 25. Kf1 Rad8 26. Ke2 Kf8 27. h4 R3d5 28. h5 Ne7 29. g4 Ng8 30. Nd4 Nf6 31. f3 h6 32. b4 Re8 33. Kd3 Rxc5 34. bxc5 Nd5 35. e4 Nf4+ 36. Kc4 Rd8 37. Rb1 Rd7 38. Rb3 g6 39. hxg6 fxg6 40. Ra3 a6 41. Re3 Rh7 42. Ne2 Ng2 43. Rd3 Rf7 44. Rd6 Kg7 45. Nd4 Nf4 46. Kc3 Re7 47. Kd2 Re5 48. Ke3 Nd5+ 49. Kf2 Nf4 50. Nb3 Ne6 51. Ke3 Nf8 52. f4 Re7 53. e5 g5 54. Nd4 gxf4+ 55. Kxf4 Ng6+ 56. Kg3 Rxe5 57. Nf5+ Kf7 58. Nxh6+ Kg7 59. Nf5+ Kf7 60. Nh6+ Kg7 61. Nf5+ 1/2-1/2

[Event "CRO-chT2"]
[Site "Opatija"]
[Date "1995.??.??"]
[Round "?"]
[White "Stanic, Zoran"]
[Black "Bilic, Mario"]
[Result "1-0"]
[WhiteElo "2275"]
[BlackElo "2295"]
[PlyCount "53"]
[EventDate "1995.??.??"]
[EventType "team-tourn"]
[EventRounds "9"]
[EventCountry "CRO"]
[SourceTitle "EXT 1998"]
[Source "ChessBase"]
[SourceDate "1997.11.17"]
[SourceVersion "1"]
[SourceVersionDate "1997.11.17"]
[SourceQuality "1"]

1. e4 c5 2. Nf3 e6 3. d3 Nc6 4. g3 d5 5. Qe2 Nf6 6. e5 Nd7 7. Bg2 Qc7 8. Bf4 Ne7 9. 0-0 Ng6 10. Re1 Nxf4 11. gxf4 g6 12. c4 dxc4 13. dxc4 Be7 14. Nc3 a6 15. Rad1 0-0 16. Ng5 Nb8 17. Qg4 h6 18. Nge4 Nc6 19. Nf6+ Kg7 20. Bxc6 Qxc6 21. Nce4 Rh8 22. h4 b5 23. h5 bxc4 24. Kh2 Bxf6 25. exf6+ Kh7 26. hxg6+ fxg6 27. Ng5+ 1-0

[Event "Bled op 15th"]
[Site "Bled"]
[Date "1994.??.??"]
[Round "?"]
[White "Sermek, Drazen"]
[Black "Stanic, Zoran"]
[Result "1-0"]
[WhiteElo "2520"]
[BlackElo "2225"]
[PlyCount "75"]
[EventDate "1994.03.??"]
[EventType "swiss"]
[EventRounds "9"]
[EventCountry "SLO"]
[SourceTitle "TD"]
[Source "ChessBase"]
[SourceDate "1994.03.01"]
[SourceVersion "1"]
[SourceVersionDate "1994.03.01"]
[SourceQuality "1"]

1. e4 d6 2. d4 Nf6 3. Nc3 g6 4. Nf3 Bg7 5. Bc4 0-0 6. Qe2 c6 7. e5 Nd5 8. Bd2 Na6 9. Nxd5 cxd5 10. Bb3 Nc7 11. h3 Bf5 12. 0-0 Be4 13. Ng5 Bf5 14. Bf4 dxe5 15. Bxe5 Bxe5 16. dxe5 Ne6 17. Nxe6 Bxe6 18. Rad1 Qb6 19. c3 Rfd8 20. Rd4 Kg7 21. Rfd1 Qa5 22. Qe3 h6 23. Rh4 Rh8 24. Ra4 Qb5 25. Rb4 Qc6 26. Rbd4 Qb6 27. Qd2 Qc7 28. Bxd5 Qxe5 29. Re1 Qf6 30. Bxe6 fxe6 31. Rd7 Rhf8 32. Re3 Qg5 33. Qd4+ Kg8 34. Rxe6 Rf7 35. h4 Qc1+ 36. Kh2 Qf4+ 37. Qxf4 Rxf4 38. Rexe7 1-0

[Event "CRO-ch"]
[Site "Porec"]
[Date "1994.??.??"]
[Round "?"]
[White "Stanic, Zoran"]
[Black "Loncar, Robert"]
[Result "0-1"]
[WhiteElo "2225"]
[BlackElo "2430"]
[PlyCount "94"]
[EventDate "1994.??.??"]
[EventType "swiss"]
[EventRounds "9"]
[EventCountry "CRO"]
[SourceTitle "EXT 1997"]
[Source "ChessBase"]
[SourceDate "1996.11.15"]
[SourceVersion "1"]
[SourceVersionDate "1996.11.15"]
[SourceQuality "1"]

1. e4 e5 2. Nf3 Nc6 3. Bc4 Nf6 4. d3 Be7 5. 0-0 0-0 6. Re1 d6 7. a4 h6 8. h3 a6 9. Nbd2 Nd7 10. c3 Kh8 11. Nf1 Nb6 12. Bb3 f5 13. a5 fxe4 14. dxe4 Nd7 15. Ng3 Bf6 16. Nf5 Nc5 17. Bd5 Ne7 18. b4 Nxd5 19. Qxd5 Be6 20. Qd1 Nb3 21. Rb1 Nxc1 22. Rxc1 Bxf5 23. exf5 Bg5 24. Nxg5 Qxg5 25. g4 Rxf5 26. Qd5 Raf8 27. Rc2 Rf3 28. Kg2 Qh4 29. Qxf3 Rxf3 30. Kxf3 Qxh3+ 31. Ke2 Qxg4+ 32. Kf1 Qf3 33. c4 Qb3 34. Rec1 Qxb4 35. c5 Qxa5 36. cxd6 cxd6 37. Rd1 d5 38. Rc8+ Kh7 39. Rb8 Qc7 40. Re8 Qc4+ 41. Ke1 Qb4+ 42. Rd2 Qe4+ 43. Re2 Qb1+ 44. Kd2 Qb4+ 45. Kc1 Qc4+ 46. Kd2 Qf4+ 47. Kc3 Qd4+ 0-1